| 000 | 00974nam a22003257a 4500 | ||
|---|---|---|---|
| 001 | 0074 | ||
| 003 | DO-SdBNP | ||
| 005 | 20171213094008.0 | ||
| 007 | 0074 | ||
| 008 | 151105b sp 1992 xxu||||| |||| 00| 0 spa d | ||
| 020 | _a9788420744841 | ||
| 040 |
_aBPMSU _bspa _cBPMSU |
||
| 041 | 1 | 7 |
_aspa _heng |
| 092 |
_axxxxxxx _bxxxxxxx |
||
| 100 | 1 | 0 |
_aRider Haggard, Henry, _d1856-1925 |
| 245 | 1 | 0 |
_aAllan quatermain / _cHenry R. Haggard ; traducción Mar Hernández de Felipe |
| 246 | 1 | 0 | _aAllan quatermain |
| 260 |
_aMadrid, España : _bAnaya, _c1992. |
||
| 300 |
_a272 p. : _bil, _c20 cm. |
||
| 490 | 1 | 0 | _aTus libros |
| 490 | 1 | 0 |
_aAventuras _v116 |
| 504 | _aIncluye referencias bibliográficas y notas al pie de las páginas | ||
| 504 | _aBibliografías : p. 271-272 | ||
| 700 | 1 | 0 |
_aHernández Felipe, Mar de, _etr. |
| 830 | 0 | 0 | _aTus libros |
| 830 | 0 | 0 |
_aAventuras _n116 |
| 942 |
_2ddc _cBK |
||
| 945 | _ainventariado extranjero / DG | ||
| 956 | _aBrenda Tavárez | ||
| 999 |
_c8583 _d8583 |
||